| 000 | 00697nam a22002177a 4500 | ||
|---|---|---|---|
| 999 |
_c14504 _d14504 |
||
| 003 | AR-CdUCM | ||
| 008 | 190423b ||||| |||| 00| 0 spa d | ||
| 020 | _a987-84-683-1136-4 | ||
| 040 |
_aMUNICIPALIDAD PROVINCIAL DEL CUSCO _cBIBLIOTECA MUNICIPAL DEL CUSCO |
||
| 082 |
_aPI / 376.1 / _bF38 |
||
| 110 |
_aEdebé _933302 |
||
| 245 | _aMariquita / | ||
| 260 |
_aEspaña : _bedebé, _c2014. |
||
| 300 |
_a8 paginas : _bIlustraciones en tela, _c15 cm. _eEspejito redondo |
||
| 500 | _aNota : Objeto libro. | ||
| 650 |
_aCuento infantil _925028 |
||
| 650 |
_aCuento de niños y niñas _933303 |
||
| 650 |
_aCuento de mariquita y abejas _933304 |
||
| 942 |
_2ddc _cLIBROS |
||
| 945 |
_awnts _d2019-04-23 |
||